| 000 | 00725nam a22002177a 4500 | ||
|---|---|---|---|
| 005 | 20251108165041.0 | ||
| 008 | 250721s1993 xx 000 0 ara d | ||
| 082 | 1 | 4 | _a956.4/حسن |
| 100 | 1 | _aآمون، حسن | |
| 245 | 1 | 0 |
_aالعرب الفلسطينييون في إسرئيل : _bدير الأسد : مصير قرية عربية في الجليل / |
| 250 | _aط2 | ||
| 264 | 1 |
_aبيروت : _bدار الكلمة، _c1993. |
|
| 300 | _a144ص | ||
| 650 | 1 | 7 | _aتاريخ فلسطين |
| 650 | 1 | 7 | _aدير الأسد (قرية) |
| 700 | 1 | _aديفيس، أروى | |
| 700 | 1 | _aصنع الله، نصر دخل الله | |
| 700 | 1 |
_aالشهابي، أحمد _eترجمة |
|
| 942 |
_2ddc _cBK |
||
| 999 |
_c20906 _d20906 |
||